Central Library OPAC University of Rajshahi

Microbial models of cancer cells / (Record no. 11082)

MARC details
000 -LEADER
fixed length control field 01197cam a22003492 4500
001 - CONTROL NUMBER
control field 11082
003 - CONTROL NUMBER IDENTIFIER
rucl marc code BD-RjUL
005 - DATE AND TIME OF LATEST TRANSACTION
control field 20211208235052.0
008 - FIXED-LENGTH DATA ELEMENTS--GENERAL INFORMATION
fixed length control field 140126s1967 ne a b 001 0 eng
035 ## - SYSTEM CONTROL NUMBER
System control number OCLC ocm00440196 from D970827M
-- (BD-RjUL)11131
040 ## - CATALOGING SOURCE
Original cataloging agency DLC
Transcribing agency DLC
Modifying agency GTU
-- OCL
-- CCL
-- EQO
-- BD-RjUL
Language of cataloging eng
041 ## - LANGUAGE CODE
Language code of text/sound track or separate title eng
060 ## - NATIONAL LIBRARY OF MEDICINE CALL NUMBER
Classification number W1 FR946d v.1 1966
-- QH 315 F7 v.1 1966
082 ## - DEWEY DECIMAL CLASSIFICATION NUMBER
Classification number 616.99407582
Author mark and year GAM
100 1# - MAIN ENTRY--PERSONAL NAME
Personal name Gauze, G. F.
Fuller form of name (Georgiĭ Frant͡sevich),
Dates associated with a name 1910-1986
9 (RLIN) 34258
245 10 - TITLE STATEMENT
Title Microbial models of cancer cells /
Statement of responsibility, etc. [by] G. F. Gause.
260 ## - PUBLICATION, DISTRIBUTION, ETC. (IMPRINT)
Place of publication, distribution, etc. Amsterdam :
Name of publisher, distributor, etc. North-Holland Pub. Co.,
Date of publication, distribution, etc. 1967.
300 ## - PHYSICAL DESCRIPTION
Pagination x, 97 p. :
Illustrations illus. ;
Size 25 cm.
490 1# - SERIES STATEMENT
Series statement Frontiers of biology,
Volume/sequential designation v. 1
Series statement North-Holland research monographs.
500 ## - GENERAL NOTE
General note "Based on a lecture given ... Rockefeller Institute, New York in 1965."
504 ## - BIBLIOGRAPHY, ETC. NOTE
Bibliography, etc Includes bibliographies.
650 #0 - SUBJECT ADDED ENTRY--TOPICAL TERM
Topical term or geographic name as entry element Cancer.
9 (RLIN) 34259
Topical term or geographic name as entry element Microorganisms
General subdivision Variation.
9 (RLIN) 34260
Topical term or geographic name as entry element Models, Biological
9 (RLIN) 34261
Topical term or geographic name as entry element Neoplasms
General subdivision etiology
9 (RLIN) 34262
830 #0 - SERIES ADDED ENTRY--UNIFORM TITLE
Volume number/sequential designation v. 1
Uniform title Frontiers of biology,
942 ## - ADDED ENTRY ELEMENTS (KOHA)
Source of classification or shelving scheme Dewey Decimal Classification
Koha item type Books
Holdings
Lost status Source of classification or shelving scheme Damaged status Not for loan Collection code Permanent Location Current Location Shelving location Date acquired Source of acquisition Cost, normal purchase price Total Checkouts Full call number Date last seen Copy number Koha item type
  Dewey Decimal Classification   Not For Loan Non-fiction Central Library, University of Rajshahi Central Library, University of Rajshahi Reading Room 26/10/1968 Book View, 48.00   616.99407582 GAM 1967 26/01/2014 C-1 Books